marque de telephone - Statistiques

Statistiques générales
  • Ce quiz a été pris 489 fois
  • Le résultat moyen est 5 sur 13
Statistiques - réponses
Réponse % Correct
Samsung
98%
Apple
96%
Huawei
71%
Nokia
67%
Sony
41%
Wiko
39%
LG
34%
Alcatel
19%
Doro
3%
Crosscall
2%
ZTE
2%
Emporia
1%
Weenect
1%
Aucun quiz correspondant
Distribution des résultats
% des personnes avec chaque résultat
Percentile par nombre de réponses
Votre historique - résultats
Vous n’avez pas pris ce quiz